| 000 | 00539nam a2200205 a 4500 | ||
|---|---|---|---|
| 001 | 31145 | ||
| 005 | 20180713234512.0 | ||
| 008 | 140415s1982 mx 000 0 spa d | ||
| 020 | _a9684341172 | ||
| 041 | _aspa | ||
| 082 |
_a869 _bCAB |
||
| 100 | 1 | _aCABRAL DE MELO NETO, JOAO | |
| 245 | 1 | 0 | _aINGENIERO DE CUCHILLOS |
| 250 | _a1a ed. | ||
| 260 |
_aMEXICO : _bPREMIA EDITORA DE LIBROS, _c1982 |
||
| 300 | _a95 | ||
| 490 |
_aLIBROS DEL BICHO _v45 |
||
| 650 | 1 | 4 | _aLITERATURA PORTUGUESA |
| 700 | 1 |
_aCRESPO, ANGEL _etr. |
|
| 999 |
_c31145 _d31145 |
||